000 01086nam a2200217Ia 4500
003 Ost
005 20260507075256.0
008 260507s9999||||xx |||||||||||||| ||und||
020 _a3017408977
040 _cfsecg
041 _aara
082 _a330
100 _aكويل، برايال
_eمؤلف
245 0 _aنظرة عامة على الاسواق المالية /
_c برايال كويل
260 _aالقاهرة:
_bدار الفاروق,
_c2006
300 _a184 صفحة؛
_bإيضاحات ؛
_c24 سم
520 _aأدوات سوق رأس المال و المشاركون في السوق ، الاسواق و أسعار السوق و الارباح ، العلاقة بين بين الاسواق الرئيسية و الاسواق الثانوية ، تداول الاوراق المالية ، المقاصة و التسوية و ضوابط السوق ، ادارة المخاطر و أسواق رأس المال .
653 _aالاسواق المالية
700 _aقسم البرمجة بدار الفاروق
_eمؤلف ثانوي
942 _cكتاب
999 _c43751
_d43751